| 000 | 00733cam a22002171 4500 | ||
|---|---|---|---|
| 001 | sa 64007752 | ||
| 003 | DLC | ||
| 005 | 20260227112049.0 | ||
| 008 | 890911s1963 ii 000 0 hino | ||
| 010 | _asa 64007752 | ||
| 035 | _a(OCoLC)20326057 | ||
| 040 |
_aDLC _cWaU _dNRU _dDLC |
||
| 042 | _apremarc | ||
| 050 | 0 | 0 |
_aPK2095.T8 _bR32 |
| 100 | 0 | _aBaijanāthasiṃha. | |
| 245 | 1 | 0 |
_aMānasa kā sāmājika darśana; _bRāmacaritamānasa kā samājaśastriya adhyayana. _cLekhaka Baijanāthasiṃha. |
| 260 |
_a[Naī Dillī] _bBhārata Sevaka Samāja ke lie Sastā Sāhitya Maṇḍala dvārā prakāśita, _c1963. |
||
| 300 |
_a170 p. _c18 cm. |
||
| 500 | _aIn Hindi. | ||
| 600 | 0 | 0 |
_aTulasīdāsa, _d1532-1623. _tRāmacaritamānasa. |
| 999 |
_c60464 _d60464 |
||